000 01303cam a22003134a 4500
001 diamondsbysideof00lamb
003 CaSfIA
005 20210118002008.0
007 cr||||
008 990610s1995 ilua 001 0 eng c
040 _aUPB
_cUBY
_dOCLCG
_dCaSfIA
020 _a0965236307
020 _a9780965236300
035 _a(OCoLC)81427880
042 _apcc
050 4 _aPS3562.A4278
_bD5 1995
100 1 _aLamb, Pat,
_d1932-
245 1 0 _aDiamonds by the side of the road /
_h[electronic resource]
_cby Pat Lamb.
260 _aFarmer City, Ill. :
_bPublishing Plus,
_cc1995.
300 _a119 p. :
_bill. ;
_c18 cm.
500 _aPoems.
500 _aIncludes index.
655 7 _aChristian poetry
_xMormon authors.
_2lcsh
856 4 1 _uhttp://www.archive.org/details/diamondsbysideof00lamb
_zFree eBook from the Internet Archive
856 4 2 _uhttp://www.openlibrary.org/books/OL8529067M
_zAdditional information and access via Open Library
942 _cEB
506 _fНеобхідна авторизація на https://archive.org/ (створення облікового запису безкоштовно)
506 _fНеобхідна авторизація на https://openlibrary.org/ (створення облікового запису безкоштовно)
999 _c488403
_d488403